Ako pomôcť podnikateľskej platobnej disciplíne
Zhoršovanie platobnej disciplíny v podnikateľskom sektore na Slovensku pokračuje aj v roku 2012. Na vine je napríklad dopytová kríza v niektorých segmentoch priemyslu, hlavne stavebníctve. Podľa prieskumu, ktorý uskutočnila Podnikateľská aliancia Slovenska na vzorke 156 respondentov takmer štyri pä...
Salvato in:
| Autore principale: | |
|---|---|
| Altri autori: | , |
| Natura: | Capitolo di libro |
| Lingua: | slovacco |
| Soggetti: | |
| Tags: |
Nessun Tag, puoi essere il primo ad aggiungerne!!
|
MARC
| LEADER | 00000naa a2200000 4500 | ||
|---|---|---|---|
| 001 | 0174662 | ||
| 005 | 20240502083415.8 | ||
| 041 | 0 | |a slo | |
| 044 | |a CZ | ||
| 245 | 1 | 0 | |a Ako pomôcť podnikateľskej platobnej disciplíne |c Bohuslava Mihalčová, Anna Vistánová, Iveta Sedláková |
| 520 | |a Zhoršovanie platobnej disciplíny v podnikateľskom sektore na Slovensku pokračuje aj v roku 2012. Na vine je napríklad dopytová kríza v niektorých segmentoch priemyslu, hlavne stavebníctve. Podľa prieskumu, ktorý uskutočnila Podnikateľská aliancia Slovenska na vzorke 156 respondentov takmer štyri pätiny podnikateľov pesimisticky predpokladá, že platobná disciplína sa ešte zhorší. Každá desiata faktúra na Slovensku má splatnosť dlhšiu ako tri mesiace. Manažment pohľadávok sa teda postupne stáva nevyhnutným faktorom a nástrojom redukcie rizika vzniku platobnej neschopnosti | ||
| 610 | 2 | 0 | |a disciplína platobná |
| 610 | 2 | 0 | |a podnikatelia |
| 610 | 2 | 0 | |a pohľadávky |
| 610 | 2 | 0 | |a manažment úverový |
| 100 | 1 | |a Mihalčová, Bohuslava, 1963- | |
| 700 | 1 | |a Vistánová, Anna | |
| 700 | 1 | |a Sedláková, Iveta | |